ARRUPE JESUIT UNIVERSITY

CORONAVIRUS -STOP THE SPREAD - CLEAN,DISINFECT,COVER

The advance of African capital : (Record no. 118174)

MARC details
000 -LEADER
fixed length control field 01210cam a2200301 a 4500
001 - CONTROL NUMBER
control field 2540847
003 - CONTROL NUMBER IDENTIFIER
control field ARRUPE
005 - DATE AND TIME OF LATEST TRANSACTION
control field 20131001125142.0
008 - FIXED-LENGTH DATA ELEMENTS--GENERAL INFORMATION
fixed length control field 940408s1994 vauab b 001 0 eng
010 ## - LIBRARY OF CONGRESS CONTROL NUMBER
LC control number 94012171
020 ## - INTERNATIONAL STANDARD BOOK NUMBER
International Standard Book Number 0813915627 (cloth)
040 ## - CATALOGING SOURCE
Original cataloging agency DLC
Transcribing agency DLC
Modifying agency DLC
043 ## - GEOGRAPHIC AREA CODE
Geographic area code f-nr---
050 00 - LIBRARY OF CONGRESS CALL NUMBER
Classification number HD2928
Item number .F67 1994
082 00 - DEWEY DECIMAL CLASSIFICATION NUMBER
Classification number 338.6/1/09669
Edition number 20
300 ## - PHYSICAL DESCRIPTION
Other physical details ill., maps ;
Dimensions 24 cm.
100 1# - MAIN ENTRY--PERSONAL NAME
Personal name Forrest, Tom
Fuller form of name (Tom G.)
9 (RLIN) 1791
245 14 - TITLE STATEMENT
Title The advance of African capital :
Remainder of title the growth of Nigerian private enterprise /
Statement of responsibility, etc Tom Forrest.
260 ## - PUBLICATION, DISTRIBUTION, ETC. (IMPRINT)
Place of publication, distribution, etc Charlottesville :
Name of publisher, distributor, etc University Press of Virginia,
Date of publication, distribution, etc 1994.
300 ## - PHYSICAL DESCRIPTION
Extent xv, 300 p. :
504 ## - BIBLIOGRAPHY, ETC. NOTE
Bibliography, etc Includes bibliographical references (p. [279]-290) and index.
650 #0 - SUBJECT ADDED ENTRY--TOPICAL TERM
Topical term or geographic name as entry element Business enterprises
Geographic subdivision Nigeria
General subdivision History
Chronological subdivision 20th century.
9 (RLIN) 1792
650 #0 - SUBJECT ADDED ENTRY--TOPICAL TERM
Topical term or geographic name as entry element Saving and investment
Geographic subdivision Nigeria
General subdivision History
Chronological subdivision 20th century.
9 (RLIN) 1793
650 #0 - SUBJECT ADDED ENTRY--TOPICAL TERM
Topical term or geographic name as entry element Free enterprise
Geographic subdivision Nigeria
General subdivision History
Chronological subdivision 20th century.
9 (RLIN) 1794
650 #0 - SUBJECT ADDED ENTRY--TOPICAL TERM
Topical term or geographic name as entry element Entrepreneurship
Geographic subdivision Nigeria
General subdivision History
Chronological subdivision 20th century.
9 (RLIN) 1795
906 ## - LOCAL DATA ELEMENT F, LDF (RLIN)
a 7
b cbc
c orignew
d 1
e ocip
f 19
g y-gencatlg
942 ## - ADDED ENTRY ELEMENTS (KOHA)
Source of classification or shelving scheme Library of Congress Classification
Koha item type Monograph ( Printed materials)
Holdings
Withdrawn status Lost status Source of classification or shelving scheme Damaged status Not for loan Home library Current library Date acquired Total Checkouts Full call number Barcode Date last seen Price effective from Koha item type
    Library of Congress Classification     ARRUPE LIBRARY ARRUPE LIBRARY 01/10/2013   HD2928 .F67 1994 46411403 08/05/2018 01/10/2013 Monograph ( Printed materials)

 

Arrupe Library. PO Box MP320 Mt Pleasant, Harare, Zimbabwe
263 242 745411|librarian@aju.ac.zw